MARC

LEADER 00000nam0a2200000 4500
001 153014
005 20231101221650.0
010 |a 5796601539 
035 |a (RuTPU)RU\TPU\book\165908 
090 |a 153014 
100 |a 20090207d1991 m y0rusy50 ca 
101 0 |a rus 
102 |a RU 
105 |a a z 001zy 
200 1 |a Нелинейные и параметрические колебания вибрационных машин технологического назначения  |f С. Л. Цыфанский, В. И. Бересневич, А. Б. Окс  |g Рижский технический университет 
210 |a Рига  |c Зинатне  |d 1991 
215 |a 231 с.  |c ил. 
320 |a Библиогр.: с. 219-229. 
610 1 |a математическое моделирование 
610 1 |a колебания 
610 1 |a стержневые системы 
610 1 |a нелинейность 
610 1 |a физическая нелинейность 
610 1 |a геометрическая нелинейность 
610 1 |a вибрационные машины 
610 1 |a субгармонические колебания 
610 1 |a вибромашины 
610 1 |a резонансные колебания 
675 |a 62-868  |v 3 
700 1 |a Цыфанский  |b С. Л.  |g Семен Львович 
701 1 |a Бересневич  |b В. И.  |g Виталий Иосифович 
701 1 |a Окс  |b А. Б.  |g Александр Борисович 
712 0 2 |a Рижский технический университет  |2 stltpush  |3 (RuTPU)RU\TPU\col\10496  |9 24851 
801 1 |a RU  |b 63413507  |c 20090207  |g PSBO 
801 2 |a RU  |b 63413507  |c 20110923  |g RCR 
942 |c BK